Hogwarts Supply List Quiz Stats

 Plays Quiz not verified by Sporcle

Score 0/45 Timer 10:00
0 Plays Today
Year Supplies % Correct
Year OneOne Wand
72.4%
Year OneOne Cauldron (Pewter, Standard Size 2)
68.4%
Year OneOwl or Cat or Toad
48.7%
Year FourDress Robes (Only for Special Occasions That Will Occur Through the Year)
35.5%
Year OneFantastic Beasts and Where To Find Them
31.6%
Year OneA History of Magic
30.3%
Year TwoGadding With Ghouls
30.3%
Year OneThe Standard Book of Spells Grade One
26.3%
Year OneA Beginner's Guide to Transfiguration
26.3%
Year OneOne Set of Brass Scales
26.3%
Year OneOne Set of Glass or Crystal Phials
26.3%
Year TwoBreak With a Banshee
25%
Year OneThree Sets of Plain Work Robes (Black)
23.7%
Year OneOne Plain Pointed Hat (Black) For Day Wear
23.7%
Year OneOne Thousand Magical Herbs and Fungi
23.7%
Year OneMagical Drafts and Potions
23.7%
Year TwoTravels With Trolls
23.7%
Year OneMagical Theory
22.4%
Year OneOne Telescope
22.4%
Year OneThe Dark Forces: A Guide To Self Protection
22.4%
Year ThreeUnfogging the Future
22.4%
Year ThreeThe Monster Book of Monsters
22.4%
Year FourThe Dark Forces: A Guide to Self Protection
22.4%
Year Supplies % Correct
Year TwoStandard Book of Spells Grade Two
21.1%
Year TwoHolidays With Hags
19.7%
Year TwoWanderings With Werewolves
19.7%
Year TwoYear With the Yeti
19.7%
Year ThreeStandard Book of Spells Grade Three
19.7%
Year OneOne Pair of Protective Gloves (Dragon Hide or Similar)
18.4%
Year OneOne Winter Cloak (Black, Silver Fastenings)
17.1%
Year TwoVoyage With Vampires
17.1%
Year FiveDefensive Magical Theory
17.1%
Year ThreeIntermediate Transfiguration
15.8%
Year FiveThe Standard Book of Spells Grade Five
15.8%
Year SixThe Standard Book of Spells Grade Six
15.8%
Year FourThe Standard Book of Spells Grade Four
15.8%
Year SixAdvanced Potion Making
14.5%
Year ThreeHome Life and Social Habits of British Muggles
13.2%
Year ThreeNumerology and Grammatica
11.8%
Year ThreeSpellsman's Syllabary
9.2%
Year ThreeThe Essential Defence Against the Dark Arts
7.9%
Year SixConfronting the Faceless
7.9%
Year SixA Guide to Advanced Transfiguration
7.9%
Year SixAdvanced Rune Translation
7.9%
Year SixFlesh Eating Trees of the World
7.9%

You're not logged in!

Compare scores with friends on all Sporcle quizzes.
OR
Log In

Sporcle TV

Today on Sporcle TV


Watch our educational content, quiz creation guides, and fun videos on Sporcle TV.

Show Comments

Extras

Top Quizzes Today


Score Distribution

Your Account Isn't Verified!

In order to create a playlist on Sporcle, you need to verify the email address you used during registration. Go to your Sporcle Settings to finish the process.

Report this User

Report this user for behavior that violates our Community Guidelines.

Details: